Doing qualitative data analysis with NVivo (Record no. 758805)

MARC details
000 -LEADER
fixed length control field 00379nam a2200145 4500
020 ## - INTERNATIONAL STANDARD BOOK NUMBER
ISBN 9783031660139
082 ## - DEWEY DECIMAL CLASSIFICATION NUMBER
Classification number 001.422
Item number MOR.D
084 ## - OTHER CLASSIFICATION NUMBER
Source of Number Colon Classification
100 ## - MAIN ENTRY--AUTHOR NAME
Personal name Mortelmans, Dimitri
245 ## - TITLE STATEMENT
Title Doing qualitative data analysis with NVivo
260 ## - PUBLICATION, DISTRIBUTION, ETC. (IMPRINT)
Place of publication Switzerland:
Name of publisher Springer;
Year of publication 2025.
300 ## - PHYSICAL DESCRIPTION
Number of Pages 282p.
942 ## - ADDED ENTRY ELEMENTS (KOHA)
Source of classification or shelving scheme Dewey Decimal Classification
Koha item type Book
Holdings
Withdrawn status Lost status Source of classification or shelving scheme Damaged status Not for loan Collection code Home Library Current Location Shelving location Date acquired Full call number Accession Number Price effective from Koha item type
    Dewey Decimal Classification     Non-fiction Campus Library Kariavattom Campus Library Kariavattom General Stacks 21/04/2026 001.422 MOR.D UCL35788 21/04/2026 Book